| 000 -LEADER |
| fixed length control field |
00774cam a2200217 a 4500 |
| 005 - DATE AND TIME OF LATEST TRANSACTION |
| control field |
20220111200510.0 |
| 008 - FIXED-LENGTH DATA ELEMENTS--GENERAL INFORMATION |
| fixed length control field |
000610s1997 enka b 001 0 eng |
| 020 ## - INTERNATIONAL STANDARD BOOK NUMBER |
| International Standard Book Number |
0714836168 (pbk.) |
| 041 ## - LANGUAGE CODE |
| Language code of text/sound track or separate title |
eng. |
| 082 00 - DEWEY DECIMAL CLASSIFICATION NUMBER |
| Classification number |
720.9 |
| Edition number |
21 |
| Item number |
PAT |
| 100 1# - MAIN ENTRY--PERSONAL NAME |
| Personal name |
Nuttgens, Patrick. |
| 245 14 - TITLE STATEMENT |
| Title |
The story of architecture / |
| Statement of responsibility, etc |
Patrick Nuttgens. |
| 250 ## - EDITION STATEMENT |
| Edition statement |
2nd ed. |
| 260 ## - PUBLICATION, DISTRIBUTION, ETC. (IMPRINT) |
| Place of publication, distribution, etc |
London : |
| Name of publisher, distributor, etc |
Phaidon Press, |
| Date of publication, distribution, etc |
1997 |
| Date of manufacture |
(1999 printing) |
| 300 ## - PHYSICAL DESCRIPTION |
| Extent |
351 p. : |
| Other physical details |
ill. (some col.) ; |
| Dimensions |
25 cm. |
| 504 ## - BIBLIOGRAPHY, ETC. NOTE |
| Bibliography, etc |
Includes bibliographical references (p. 321-324) and index. |
| 650 #0 - SUBJECT ADDED ENTRY--TOPICAL TERM |
| Topical term or geographic name as entry element |
Architecture |
| General subdivision |
History. |
| 906 ## - LOCAL DATA ELEMENT F, LDF (RLIN) |
| a |
7 |
| b |
cbc |
| c |
origcop |
| d |
2 |
| e |
ncip |
| f |
20 |
| g |
y-gencatlg |
| 942 ## - ADDED ENTRY ELEMENTS (KOHA) |
| Source of classification or shelving scheme |
|
| 955 ## - COPY-LEVEL INFORMATION (RLIN) |
| Classification number, CCAL (RLIN) |
to ASCD pb04 06-10-00; jh00 06-13-00; jh32 06-15-00; jh21 07-14-00; jh14 07-21-00 to Dewey; aa01 08-04-00 |